000 01209nam a2200325 c 4500
999 _c43149
_d43149
003 BLK
005 20241025005437.0
008 180408b bul|||||r ||||||| ||bul||
010 _aKNG00046840000
040 _aBLK
041 _aBUL
_cBUL
080 _aБългарска литература
_b821.163.2
_x-32
_z821.163.2-32
100 _aЙовков, Йордан Стефанов
_d1880-1937
_gПисател класик - белетрист, драматург, майстор на късия разказ
_9363298
139 _aЙовков, Йордан Стефанов
_bИ 77
245 1 0 _aРазкази
_cЙордан Стефанов Йовков; предг. от Петър Николов Динеков.
250 _a10. изд.
257 _aBGR
260 _bБълг. писател
_c1972
_aСофия
300 _a351 с.
_c20 см
380 _aX
490 _aБиблиотека за ученика
_9201322
700 1 _aДинеков, Петър Николов
_eпредг. от
_9363799
852 _aЦб 64976
856 4 _qpdf
856 4 _qpdf
942 _cKNG
_n0
_s1
944 _aCR
_c01.01.1999
_k
_lCRON CRON
944 _aED
_c05.02.2013
999 _d43149